The flight from the enchanter
Guardado en:
| Autor principal: | |
|---|---|
| Formato: | Libro |
| Lenguaje: | inglés |
| Publicado: |
Harmondsworth
Penguin Books
1962
|
| Materias: | |
| Etiquetas: |
Agregar Etiqueta
Sin Etiquetas, Sea el primero en etiquetar este registro!
|
MARC
| LEADER | 00000nam a2200000 a 4500 | ||
|---|---|---|---|
| 001 | UCR9999 | ||
| 003 | CL-VaPUC | ||
| 008 | 980619e19620000uk |||||||||||||||||eng|d | ||
| 082 | 0 | 4 | |a 823 |b MUR |2 21 |
| 100 | |a Murdoch, Iris, |d 1919-1999 |e author |9 568224 | ||
| 245 | 1 | 4 | |a The flight from the enchanter |
| 300 | |a 286 p | ||
| 942 | |c BK | ||
| 945 | |d 19980619 00:00:00 |a crobeson | ||
| 260 | |a Harmondsworth |b Penguin Books |c 1962 | ||
| 650 | 0 | |a Novelas inglesas |9 265220 | |
| 650 | 0 | |a Literatura inglesa |9 312907 | |
| 583 | |a last modification |c 20171204 04:08:07 |k Rodrigo Vera | ||
| 999 | |c 271168 |d 271166 | ||
| 952 | |0 0 |1 0 |4 0 |6 823_000000000000000_MUR_1962 |7 0 |8 A |9 305714 |a BIBEDU |b BIBEDU |d 2019-11-20 |i 1423150 |o 823 MUR 1962 |p 1423150 |r 2019-11-20 |w 2019-11-20 |y BK |k LIT | ||
| 952 | |0 0 |1 0 |4 0 |6 823_000000000000000_MUR_1962 |7 0 |8 A |9 305715 |a BIBEDU |b BIBEDU |d 2019-11-20 |i 3144518 |o 823 MUR 1962 |p 3144518 |r 2019-11-20 |w 2019-11-20 |y BK |k LIT | ||